The midnight ghosts / (Record no. 21654)
[ view plain ]
| 000 -LEADER | |
|---|---|
| fixed length control field | 01480nam a2200301u 4500 |
| 005 - DATE AND TIME OF LATEST TRANSACTION | |
| control field | 00000000000000.0 |
| 008 - FIXED-LENGTH DATA ELEMENTS--GENERAL INFORMATION | |
| fixed length control field | 810522s1962 nyua j 000 0 eng |
| 010 ## - LCCN (DPL NO) | |
| LC control number | B-345560-562 |
| 020 ## - INTERNATIONAL STANDARD BOOK NUMBER | |
| International Standard Book Number | 9780746062289 |
| Terms of availability | 65.00 |
| 035 ## - SYSTEM CONTROL NUMBER | |
| System control number | B-345560-562 |
| 037 ## - SOURCE OF ACQUISITION | |
| Source of stock number/acquisition | Tarun Books |
| 040 ## - CATALOGING SOURCE | |
| Original cataloging agency | dpl |
| Language of cataloging | English |
| 082 ## - DEWEY DECIMAL CLASSIFICATION NUMBER | |
| Classification number | S |
| 100 ## - MAIN ENTRY--PERSONAL NAME | |
| Personal name | Fischel, Emma |
| 245 ## - TITLE STATEMENT | |
| Title | The midnight ghosts / |
| Statement of responsibility, etc | by Emma Fischel; edited by Katie Daynes illustrated by Adrienne Kern; adapted by Jane Bingham |
| 260 ## - PUBLICATION, DISTRIBUTION, ETC. (IMPRINT) | |
| Place of publication, distribution, etc | London |
| Name of publisher, distributor, etc | Usborne Publishing |
| Date of publication, distribution, etc | 2005 |
| 270 ## - ADDRESS | |
| Address | Usborne House, 83-85 Saffron Hill, |
| City | London |
| 300 ## - PHYSICAL DESCRIPTION | |
| Extent | 64p. |
| Other physical details | ill. |
| Dimensions | 20cm (pbk) |
| 490 ## - SERIES STATEMENT | |
| Series statement | Usborne young reading; edited by Lesley Sims |
| Volume number/sequential designation | series two |
| 700 ## - ADDED ENTRY--PERSONAL NAME | |
| Personal name | Daynes, Katie |
| 700 ## - ADDED ENTRY--PERSONAL NAME | |
| Personal name | Kern, Adrienne |
| 700 ## - ADDED ENTRY--PERSONAL NAME | |
| Personal name | Bingham, Jane |
| 942 ## - ADDED ENTRY ELEMENTS (KOHA) | |
| Source of classification or shelving scheme | Dewey Decimal Classification |
| Item type | Children Books |
| Classification part | S |
| Call number suffix | FIS |
| Withdrawn status | Lost status | Source of classification or shelving scheme | Damaged status | Not for loan | Collection code | Home library | Current library | Date acquired | Source of acquisition | Cost, normal purchase price | Total Checkouts | Full call number | Barcode | Date last seen | Copy number | Cost, replacement price | Koha item type |
|---|---|---|---|---|---|---|---|---|---|---|---|---|---|---|---|---|---|
| Written-off vide DLB M. No. 383 dt 16.05.19 | Dewey Decimal Classification | Fiction | Central Library | Central Library | 20/01/2009 | Tarun Books/3947/21.5.09/13/23.4.09/4.7.09 | 65.00 | S FIS | B-345560 | 20/01/2009 | 1 | 65.00 | Children Books | ||||
| Dewey Decimal Classification | Fiction | Jor Bagh (Children Lib) | Jor Bagh (Children Lib) | 21/10/2009 | Tarun Books/3947/21.5.09/13/23.4.09/4.7.09 | 65.00 | S FIS | B-345561 | 21/10/2009 | 1 | 65.00 | Children Books | |||||
| Dewey Decimal Classification | Fiction | Vinoba Puri | Vinoba Puri | 21/10/2009 | Tarun Books/3947/21.5.09/13/23.4.09/4.7.09 | 65.00 | 6 | S FIS | B-345562 | 21/08/2024 | 1 | 65.00 | Children Books |
